00768nam a2200217Ia 4500003000900000008004100009020001800050040001600068080001900084100002400103245007000127260003400197300001500231490006400246650003000310650003200340650004900372942000700421999001500428952010700443IN-BaIIA211028s9999 xx 000 0 eng d a3-540-06995-x cIIA Library a52(091)bNEU-1 aNeugebauer, O98984 2aA History of ancient mathematical astronomybpt. 1cO. Neugebauer aBerlinbSpringer-Verlagc1975 axxi, 555p. aStudies in the History of Mathematics and Physical Sciences a Astronomy-History97989 a History-Astronomy 98985 aAstronomy and Astrophysics Thesaurus 91143 cBK c5051d5051 00104070aBANbBANcGENd1976-10-08l0o52(091)/ NEU-1p5641r2021-11-05w1976-10-08yBKGDFL 290.00